[Event "Horsens Lang Weekend"]
[Site "Horsens"]
[Date "2017.07.14"]
[Round "4"]
[White "Thogersen, Rasmus"]
[Black "Pedersen, Lars Wisler"]
[Result "1-0"]
[WhiteElo "2232"]
[BlackElo "1796"]
[PlyCount "65"]
[EventDate "2017.07.13"]
[EventType "swiss"]
[EventRounds "7"]
[EventCountry "DEN"]
[SourceTitle "EXT 2018"]
[Source "ChessBase"]
[SourceDate "2017.10.13"]
[SourceVersion "1"]
[SourceVersionDate "2017.10.13"]
[SourceQuality "1"]

1. d4 f5 2. Bg5 h6 3. Bh4 g5 4. e3 Nf6 5. Bg3 Bg7 6. h4 g4 7. h5 d6 8. Ne2 Be6 9. Nf4 Bf7 10. Nc3 Qd7 11. d5 e5 12. dxe6 Bxe6 13. Nxe6 Qxe6 14. Nb5 Qd7 15. Nd4 Nc6 16. c3 Nxd4 17. cxd4 Qc6 18. Rc1 Qb6 19. Qa4+ Ke7 20. Bd3 Ne4 21. Bxe4 fxe4 22. d5 Rhe8 23. Qxe4+ Kf8 24. Qf5+ Kg8 25. 0-0 Rac8 26. b3 Qa5 27. Bxd6 Qxa2 28. Bxc7 Qxb3 29. d6 Rf8 30. Qxg4 Qd5 31. d7 Rxc7 32. Rxc7 Kh8 33. Rc8 1-0

[Event "Varde Weekend Grp1"]
[Site "Varde"]
[Date "2017.05.06"]
[Round "2"]
[White "Rozenfeldt, Michael Tranberg"]
[Black "Pedersen, Lars Wisler"]
[Result "1/2-1/2"]
[WhiteElo "1833"]
[BlackElo "1858"]
[PlyCount "46"]
[EventDate "2017.05.05"]
[EventType "tourn"]
[EventRounds "5"]
[EventCountry "DEN"]
[SourceTitle "EXT 2023"]
[Source "ChessBase"]
[SourceDate "2022.10.05"]
[SourceVersion "1"]
[SourceVersionDate "2022.10.05"]
[SourceQuality "1"]

1. e4 c5 2. Nf3 Nc6 3. d4 cxd4 4. Nxd4 e5 5. Nf3 Nf6 6. Nc3 Bb4 7. Bd3 Bxc3+ 8. bxc3 0-0 9. 0-0 d5 10. exd5 Qxd5 11. c4 Qd8 12. Re1 Bg4 13. Bb2 Re8 14. h3 Bh5 15. g4 Nxg4 16. hxg4 Bxg4 17. Be4 Qf6 18. a3 Rad8 19. Qe2 Nd4 20. Bxd4 Rxd4 21. Kg2 Red8 22. Qe3 Bxf3+ 23. Qxf3 Qxf3+ 1/2-1/2

[Event "DEN-ch G7-B"]
[Site "Skorping"]
[Date "2014.04.15"]
[Round "1"]
[White "Pedersen, Lars Wisler"]
[Black "Andersen, Aage Kristian"]
[Result "1-0"]
[WhiteElo "1808"]
[BlackElo "1588"]
[PlyCount "45"]
[EventDate "2014.04.15"]
[EventType "swiss"]
[EventRounds "7"]
[EventCountry "DEN"]
[SourceTitle "EXT 2023"]
[Source "ChessBase"]
[SourceDate "2022.10.05"]
[SourceVersion "1"]
[SourceVersionDate "2022.10.05"]
[SourceQuality "1"]

1. e4 e5 2. Nf3 Nc6 3. d4 exd4 4. Nxd4 Bc5 5. Be3 Nxd4 6. Bxd4 Bxd4 7. Qxd4 Qg5 8. Nd2 d6 9. Nf3 Qf6 10. e5 dxe5 11. Nxe5 Ne7 12. Bc4 0-0 13. 0-0-0 Nc6 14. Nxc6 Qxc6 15. h4 Be6 16. Bxe6 Qxe6 17. b3 Rfe8 18. Rhe1 Qh6+ 19. Kb1 Rxe1 20. Rxe1 Qc6 21. h5 b6 22. Re7 Re8 23. Qd5 1-0

[Event "Dortmund Sparkassen op-A"]
[Site "Dortmund"]
[Date "2012.07.14"]
[Round "1"]
[White "Pedersen, Lars Wisler"]
[Black "Schleich, Theodor"]
[Result "0-1"]
[WhiteElo "1853"]
[BlackElo "2102"]
[PlyCount "60"]
[EventDate "2012.07.14"]
[EventType "swiss"]
[EventRounds "9"]
[EventCountry "GER"]
[SourceTitle "CBM 149 Extra"]
[Source "ChessBase"]
[SourceDate "2012.08.24"]
[SourceVersion "1"]
[SourceVersionDate "2012.08.24"]
[SourceQuality "1"]

1. e4 e6 2. d4 c5 3. d5 Nf6 4. dxe6 fxe6 5. e5 Nd5 6. Bd3 Qe7 7. Nf3 Nc6 8. 0-0 b6 9. Nbd2 Qf7 10. Ng5 Qg8 11. Nc4 Bb7 12. Ne4 0-0-0 13. Ned6+ Bxd6 14. Nxd6+ Kb8 15. Qe2 Ba8 16. Bd2 Nd4 17. Qg4 h5 18. Qd1 g5 19. Be4 Rf8 20. c4 Nc7 21. Bxa8 Kxa8 22. a4 a5 23. Qe1 g4 24. Bxa5 Nf3+ 25. Kh1 Nxe1 26. Bxb6 Na6 27. Raxe1 h4 28. Rd1 g3 29. Nb5 Rxf2 30. Rfe1 gxh2 0-1

[Event "North Sea Cup 23th"]
[Site "Esbjerg"]
[Date "2008.07.15"]
[Round "7"]
[White "Nielsen, Thomas1"]
[Black "Pedersen, Lars Wisler"]
[Result "0-1"]
[WhiteElo "1084"]
[BlackElo "1893"]
[PlyCount "44"]
[EventDate "2008.07.11"]
[EventType "swiss"]
[EventRounds "10"]
[EventCountry "DEN"]
[SourceTitle "CBM 125 Extra"]
[Source "ChessBase"]
[SourceDate "2008.09.01"]
[SourceVersion "1"]
[SourceVersionDate "2008.09.01"]
[SourceQuality "1"]

1. d4 f5 2. Nc3 Nf6 3. e3 g6 4. Bc4 d5 5. Bd3 Bg7 6. b3 0-0 7. Bb2 Nc6 8. Nf3 Ne4 9. 0-0 e5 10. Nd2 Nxc3 11. Bxc3 exd4 12. exd4 Nxd4 13. Nf3 Nxf3+ 14. Qxf3 Bxc3 15. Rad1 c6 16. Be2 Qf6 17. Rd3 d4 18. h3 Be6 19. Qg3 Rae8 20. Bf3 f4 21. Qh2 Bf5 22. Rdd1 Bxc2 0-1

[Event "DEN-ch B7 Gr1 "]
[Site "Koge"]
[Date "2004.04.??"]
[Round "6"]
[White "Asmund, Erik"]
[Black "Pedersen, Lars Wisler"]
[Result "1-0"]
[WhiteElo "1563"]
[BlackElo "1669"]
[PlyCount "51"]
[EventDate "2004.04.08"]
[EventType "swiss"]
[EventRounds "7"]
[EventCountry "DEN"]
[SourceTitle "EXT 2023"]
[Source "ChessBase"]
[SourceDate "2022.10.05"]
[SourceVersion "1"]
[SourceVersionDate "2022.10.05"]
[SourceQuality "1"]

1. e4 c5 2. Nf3 Nc6 3. b3 e5 4. Bb2 d6 5. Be2 Be7 6. d3 Nf6 7. h3 0-0 8. 0-0 Ne8 9. Nh2 f5 10. f4 fxe4 11. fxe5 exd3 12. Rxf8+ Bxf8 13. Qxd3 Nb4 14. Qd2 Bf5 15. Bc4+ Kh8 16. a3 Nxc2 17. Qd5 Be6 18. Qxe6 d5 19. Bxd5 Qxd5 20. Qxd5 Nxa1 21. Bxa1 Nc7 22. Qxb7 Rd8 23. Qxc7 Rd1+ 24. Nf1 Kg8 25. e6 Rxb1 26. Qf7+ 1-0